000 00743nam a2200289Ia 4500
005 20260324120621.0
008 008 260324s9999 xx 000 0 eng d
020 _a9781315685090
037 _aEBOOK
040 _aCRL
040 _beng
040 _cCRL
041 _2eng
041 _aeng
084 _qCRL
100 _aPeter Thijssen; Jessy Siongers; Jeroen Van Laer; Jacques Haers; Sara Mels
_91159286
245 0 _aPolitical Engagement of the Young in Europe
245 0 _bYouth in the crucible
260 _bTaylor and Francis
260 _c2015
365 _a
365 _b240
856 _uhttp://www.taylorfrancis.com/books/9781315685090
942 _cEBOOK
999 _c1750911
_d1750911